000 00597nam a22001937a 4500
005 20250320133001.0
010 _aENG-144124
020 _a9788196508203
_c500.00
035 _aEN-127656
037 _bDBAD
082 _a415
_21
245 _aIndian Grammatical Tradition/
_cedited by... Shyam Sundar Bhattacharya
260 _aKolkata
_bSatyabrata Chakrabarti
_c2023
270 _aThe Asiatic Society, 1 Park Street
_bKolkata
_e700016
300 _axv,222p.
_c21.5 cm(Pb)
700 _976691
_aShyam Sundar Bhattacharya
_eEditor
760 _b1
942 _2ddc
_cEN
_h415
_mBHA
999 _c210390
_d210390